INSTRUMENT MUZYCZNY NA LITERĘ „K”: - Statystyki

Ogólne statystyki
  • Ten quiz został rozwiązany 202 razy
  • Średni wynik to 3 z 5
Statystyki odpowiedzi
Odpowiedź % Poprawnych
KLARNET
83%
KONTRABAS
69%
KEYBOARD
42%
KLAWESYN
41%
KSYLOFON
31%
Nie znaleziono quizów pasujących do podanych kryteriów
Rozkład punktacji
Procent ludzi z każdym wynikiem
Percentyl według liczby udzielonych odpowiedzi
Twoja historia wyników
Nie rozwiązałeś tego quizu